Every Lag-Free Pit of Misery Tower - Statistics

General Stats
  • This quiz has been taken 6 times
  • The average score is 8 of 30
Answer Stats
Difficulty Tower % Correct
Catastrophic Tower of {Cruel Punishment}
75%
Catastrophic Tower of {Vacant Hindrances}
75%
Horrific Tower of {Water Melon}
75%
Unreal Citadel of {Infinite Void}
50%
Horrific Tower of {The Roof’s Pique}
50%
Terrifying Tower of {Vindictive Maneuvers}
50%
Terrifying Tower of {Xerically Infuriating Calamity}
50%
Terrifying Tower of {Augmented Misery}
25%
Unreal Tower of {Blind Fate}
25%
Catastrophic Tower of {Champion’s Road}
25%
Catastrophic Tower of {Elongated Runs}
25%
Horrific Tower of {Eternal Void}
25%
Catastrophic Tower of {Generation Failure}
25%
Horrific Tower of {Jabberwock Jagger}
25%
Catastrophic Tower of {Linear Jank}
25%
Unreal Tower of {Paradise}
25%
Insane Tower of {Seeking Unused Techniques}
25%
Unreal Tower of {Spiralling Fates}
25%
Horrific Tower of {Thje Floor}
25%
Horrific {Ukraine} Tower
25%
Terrifying Tower of {Atrocious Truss Catastrophe}
0%
Terrifying Tower of {Cruel Underestimated Parkour}
0%
Horrific Tower of {Futile Perusal}
0%
Horrific Tower of {Lucas Penteado}
0%
Terrifying Tower of {Melancholic Misery}
0%
Terrifying Tower of {Overthinking Life Choices}
0%
Catastrophic Tower of {Quadrilaterals}
0%
Catastrophic Tower of {Shunning Excursion}
0%
Catastrophic Tower of {Terse Persecution}
0%
Extreme Tower of {Uttermost Antagonism}
0%
No matching quizzes found
Score Distribution
Percent of People with Each Score
Percentile by Number Answered
Your Score History
You have not taken this quiz